000 00311nam a2200133Ia 4500
008 150201s2006 xx 000 0 und d
082 _a610.3
_bA06S
100 _aSHARMA, J.L.
245 2 _aA DICTIONARY OF CHEMISTRY
260 _bCBS
_aDELHI
_c2006
300 _a1-647
650 _aDICTIONARIES
942 _2ddc
_cBK
999 _c305
_d305